000 00300nam a2200121 a 4500
005 20140513081053.0
008 031023s19uu xx 00 eng d
050 _aP
_bSOL 2000
245 _aSolar system.
260 _bMabuhay Board Games 2000,
_c2000.
650 _aPlanets--Posters
999 _c116418
_d116418